000 00901nam a2200253 a 4500
001 000019849
005 20200929170149.0
008 100707s1951 sp r 000 f spa d
040 _aDO-SdBNP
_bspa
_cBNPHU
082 _a868
_bL579o
100 1 _aLeón, Luis De,
_cFray,
_d1527-1591
_98685
245 1 0 _aObras completas castellanas de Fray Luis de León /
_cFray Luis de León ; Editor Félix García.
250 _a4a ed.
260 _aMadrid :
_bBiblioteca de Autores Cristianos,
_c1951.
300 _a1085 p. ;
_c20 cm.
490 1 _aBiblioteca de Autores Cristianos
504 _aIncluye referencias bibliográficas y notas al pie de las páginas.
600 1 4 _aLEÓN, LUIS DE,
_b1527-1591
_942360
650 4 _aNovela española
_91123
650 4 _aLiteratura española
_9632
700 1 _aGarcía, Félix,
_eed.
_942361
830 0 _aBiblioteca de Autores Cristianos
_94245
049 _aBNGR
999 _c19362
_d19362